000 00675nam a22001817a 4500
005 20171122125315.0
010 _aENG-121546
020 _a9788121941518
_c195.00
035 _aEN-105078
037 _bDBAD/PUB
082 _a540.3
245 _aBlackie's dictionary of chemistry /
260 _aMumbai
_bBlackie & Son
_c201?
270 _aBlackie House. 103/5, Walchand Hirachand Marg, Opp. G.P.O.,
_bMumbai
_e400001
300 _ax,245p. :
_c23cm (Pbk)
_bill.
505 _aIncludes an expanded definition of chemical entities provides precise technical data for chemical substances and phenomena more than 4000 entries
942 _2ddc
_cEN
_h540.3
_mBLA
999 _c147639
_d147639